Meranie spokojnosti obyvateľov Slovenska ako súčasť merania kvality života

Analýza vybraných údajov modulu o blahobyte. Modul bol súčasťou zisťovania EU SILC 2013. Výsledky modulu slúžia ako zdroj dát pre nastavenie indikátorov kvality života a pokrývajú subjektívnu stránku kvality života. Vzhľadom na rozsah premenných modulu analýza bola zameraná na meranie spokojnosti s...

Descrizione completa

Salvato in:
Dettagli Bibliografici
Autore principale: Ivančíková, Ľudmila
Natura: Capitolo di libro
Lingua:slovacco
Soggetti:
Tags: Aggiungi Tag
Nessun Tag, puoi essere il primo ad aggiungerne!!

MARC

LEADER 00000naa a2200000 4500
001 0192736
005 20240502073231.4
041 0 |a slo 
044 |a SK 
245 1 0 |a Meranie spokojnosti obyvateľov Slovenska ako súčasť merania kvality života  |c Ľudmila Ivančíková 
520 |a Analýza vybraných údajov modulu o blahobyte. Modul bol súčasťou zisťovania EU SILC 2013. Výsledky modulu slúžia ako zdroj dát pre nastavenie indikátorov kvality života a pokrývajú subjektívnu stránku kvality života. Vzhľadom na rozsah premenných modulu analýza bola zameraná na meranie spokojnosti so životom a meranie zmyslu života. Ukazuje sa, že i keď meranie kvality života a spokojnosti sa stáva súčasťou budúcnosti sociálnej štatistiky, v praxi možno identifikovať viacero najmä procesných odporúčaní nevyhnutných pre to, aby sa zohľadnili štatistické požiadavky na kvalitu. 
610 2 0 |a Slovensko 
610 2 0 |a analýza empirická 
610 2 0 |a blahobyt 
610 2 0 |a kvalita života 
100 1 |a Ivančíková, Ľudmila